[Event "Fete du travail"]
[Site "Montreal CAN"]
[Date "2007.09.03"]
[Round "5"]
[White "Lemieux, Serge"]
[Black "Maharisoa, Tantely"]
[Result "0-1"]
[WhiteElo "1517"]
[BlackElo "1551"]
[PlyCount "54"]
[GameId "2160767910579630"]
[EventDate "2007.09.01"]
[EventType "swiss"]
[EventRounds "5"]
[EventCountry "CAN"]
[SourceTitle "EXT 2022"]
[Source "ChessBase"]
[SourceDate "2021.10.06"]
[SourceVersion "1"]
[SourceVersionDate "2021.10.06"]
[SourceQuality "1"]

1. d4 Nf6 2. c4 e6 3. Nc3 d5 4. Bg5 Be7 5. e3 Nbd7 6. Nf3 c6 7. Bd3 O-O 8. c5 Re8 9. h4 Ng4 10. Ne5 Ngxe5 11. dxe5 h6 12. Qh5 Bxg5 13. hxg5 Qxg5 14. Qxg5 hxg5 15. f4 Nxc5 16. Bh7+ Kf8 17. fxg5 g6 18. O-O-O Kg7 19. Rh6 Rh8 20. Rdh1 Nd3+ 21. Kd2 Nxe5 22. Ne2 Ng4 23. R6h4 e5 24. Ng3 Be6 25. b3 a5 26. e4 Nf2 27. R1h2 Nxe4+ 0-1

[Event "Fete du travail"]
[Site "Montreal CAN"]
[Date "2007.09.03"]
[Round "5"]
[White "Neumark-Gaudet, Zev"]
[Black "Dorval, Hugo"]
[Result "1-0"]
[WhiteElo "1410"]
[BlackElo "1426"]
[PlyCount "79"]
[GameId "2160767910579632"]
[EventDate "2007.09.01"]
[EventType "swiss"]
[EventRounds "5"]
[EventCountry "CAN"]
[SourceTitle "EXT 2022"]
[Source "ChessBase"]
[SourceDate "2021.10.06"]
[SourceVersion "1"]
[SourceVersionDate "2021.10.06"]
[SourceQuality "1"]

1. d4 f5 2. c4 e6 3. Nf3 Nf6 4. Bg5 Be7 5. e3 O-O 6. Nbd2 d6 7. Qc2 Bd7 8. Bd3 Nc6 9. e4 Nb4 10. Qb3 Nxd3+ 11. Qxd3 fxe4 12. Nxe4 Nxe4 13. Bxe7 Qxe7 14. Qxe4 d5 15. Qc2 Qb4+ 16. Nd2 dxc4 17. Qxc4 Qxb2 18. Rb1 Qa3 19. O-O Qa5 20. Nf3 b5 21. Qb3 Rae8 22. Ne5 Bc8 23. Rfc1 Qd2 24. Nf3 Qf4 25. Qxb5 Rd8 26. Qa5 Bb7 27. Qxc7 Qxc7 28. Rxc7 Bxf3 29. gxf3 Rf6 30. Rbb7 Rg6+ 31. Kf1 h6 32. Rxa7 Rxd4 33. Ke2 Rh4 34. a4 Rxh2 35. a5 Rgg2 36. Ke3 Rxf2 37. Rxg7+ Kf8 38. Rgb7 Re2+ 39. Kd4 e5+ 40. Kc5 1-0

[Event "Fete du travail"]
[Site "Montreal CAN"]
[Date "2007.09.03"]
[Round "5"]
[White "Noriega, Harold"]
[Black "Cote, Philippe"]
[Result "1/2-1/2"]
[WhiteElo "1810"]
[BlackElo "1704"]
[PlyCount "81"]
[GameId "2160767910579633"]
[EventDate "2007.09.01"]
[EventType "swiss"]
[EventRounds "5"]
[EventCountry "CAN"]
[SourceTitle "EXT 2022"]
[Source "ChessBase"]
[SourceDate "2021.10.06"]
[SourceVersion "1"]
[SourceVersionDate "2021.10.06"]
[SourceQuality "1"]

1. e4 d6 2. d4 Nf6 3. Nc3 g6 4. f3 Bg7 5. Be3 c6 6. Qd2 b5 7. O-O-O O-O 8. Kb1 b4 9. Nce2 a5 10. Nc1 Re8 11. g4 Ba6 12. Nge2 Qc7 13. h4 h5 14. gxh5 Nxh5 15. Rg1 Nd7 16. Bh6 Ndf6 17. Bxg7 Kxg7 18. Nd3 Bxd3 19. cxd3 e5 20. f4 c5 21. Rc1 Qe7 22. fxe5 dxe5 23. dxc5 Red8 24. Qe3 Rac8 25. Ng3 Nxg3 26. Rxg3 Nh5 27. Rg5 Nf4 28. Qg1 f6 29. Rg3 Qd7 30. Qe3 Rc6 31. Rc4 Qf7 32. d4 Nh5 33. Be2 Nxg3 34. Qxg3 Rxd4 35. Rc1 Kh7 36. Qf3 Qe7 37. h5 g5 38. Qf5+ Kg8 39. Bb5 Rxc5 40. Qg6+ Kf8 41. Rxc5 1/2-1/2

[Event "Fete du travail"]
[Site "Montreal CAN"]
[Date "2007.09.03"]
[Round "5"]
[White "Plante, Marc-Eric"]
[Black "Mercier, Jean-Guy"]
[Result "1/2-1/2"]
[WhiteElo "1625"]
[BlackElo "1594"]
[PlyCount "43"]
[GameId "2160767910579634"]
[EventDate "2007.09.01"]
[EventType "swiss"]
[EventRounds "5"]
[EventCountry "CAN"]
[SourceTitle "EXT 2022"]
[Source "ChessBase"]
[SourceDate "2021.10.06"]
[SourceVersion "1"]
[SourceVersionDate "2021.10.06"]
[SourceQuality "1"]

1. e4 a6 2. d4 b5 3. Bd3 Bb7 4. Nf3 Nf6 5. Qe2 e6 6. O-O c5 7. c3 d6 8. a3 Nbd7 9. Nbd2 c4 10. Bc2 Be7 11. Re1 O-O 12. Nf1 Re8 13. Ng3 Qc7 14. h3 Rad8 15. Bg5 h6 16. Bxf6 Nxf6 17. Nh2 g6 18. Ng4 Kh7 19. Qf3 Kg7 20. Nxf6 Bxf6 21. Qg4 Kh8 22. Re3 1/2-1/2

[Event "Fete du travail"]
[Site "Montreal CAN"]
[Date "2007.09.03"]
[Round "5"]
[White "Tremblay, Sigfrid"]
[Black "Benoit, Sebastien"]
[Result "1-0"]
[WhiteElo "1926"]
[BlackElo "1880"]
[PlyCount "61"]
[GameId "2160767910579635"]
[EventDate "2007.09.01"]
[EventType "swiss"]
[EventRounds "5"]
[EventCountry "CAN"]
[SourceTitle "EXT 2022"]
[Source "ChessBase"]
[SourceDate "2021.10.06"]
[SourceVersion "1"]
[SourceVersionDate "2021.10.06"]
[SourceQuality "1"]

1. e4 c5 2. Nc3 Nc6 3. g3 Nf6 4. Bg2 e6 5. d3 Be7 6. f4 d6 7. Nh3 O-O 8. O-O Rb8 9. Nf2 Nd4 10. Ne2 e5 11. c3 Nxe2+ 12. Qxe2 b5 13. f5 Bb7 14. c4 Bc6 15. b3 a5 16. g4 a4 17. g5 Nd7 18. h4 bxc4 19. bxc4 Qa5 20. f6 gxf6 21. gxf6 Bxf6 22. Bh6 Rfe8 23. Qh5 Re7 24. Ng4 Bg7 25. Bxg7 Kxg7 26. Qh6+ Kg8 27. Qg5+ Kf8 28. Nh6 Ke8 29. Qg8+ Nf8 30. Rxf7 Kd7 31. Bh3+ 1-0

[Event "Fete du travail"]
[Site "Montreal CAN"]
[Date "2007.09.03"]
[Round "5"]
[White "Zir Mohamed, Bachir"]
[Black "Lefebvre, Gabriel"]
[Result "0-1"]
[WhiteElo "1424"]
[BlackElo "1490"]
[PlyCount "170"]
[GameId "2160767910579636"]
[EventDate "2007.09.01"]
[EventType "swiss"]
[EventRounds "5"]
[EventCountry "CAN"]
[SourceTitle "EXT 2022"]
[Source "ChessBase"]
[SourceDate "2021.10.06"]
[SourceVersion "1"]
[SourceVersionDate "2021.10.06"]
[SourceQuality "1"]

1. e4 c5 2. Nf3 d6 3. d4 cxd4 4. Nxd4 Nf6 5. Nc3 e6 6. Bg5 Be7 7. Be2 a6 8. O-O O-O 9. Re1 Qc7 10. h3 Nbd7 11. Qd2 b5 12. a3 Nc5 13. Bf3 Bb7 14. Rad1 Rac8 15. Re3 Ncd7 16. Rde1 Ne5 17. Be2 Nc4 18. Bxc4 Qxc4 19. Rg3 Rfe8 20. Qd1 b4 21. axb4 Qxb4 22. Bc1 Rc4 23. Na2 Qb6 24. Rb3 Qxd4 25. Qxd4 Rxd4 26. Rxb7 Nxe4 27. c3 Ra4 28. b3 Rxa2 29. Rxe4 Ra1 30. Re1 Bg5 31. Bd2 Rxe1+ 32. Bxe1 Ra8 33. c4 g6 34. Bc3 Bh6 35. Kf1 Bg7 36. Bb4 Bf8 37. Ba3 Kg7 38. Bb2+ Kg8 39. Bd4 Bg7 40. Bb6 h5 41. Ke2 Bc3 42. Kd3 Bb4 43. Bc7 Bc5 44. b4 Bxf2 45. Bxd6 Rd8 46. c5 a5 47. Kc4 axb4 48. c6 Rxd6 49. c7 Rc6+ 50. Kb5 Rxc7 51. Rxc7 Be1 52. Kc4 Bc3 53. Rb7 Kg7 54. Kd3 Kf6 55. Ke4 e5 56. Kf3 Ke6 57. Rb6+ Kf5 58. g4+ hxg4+ 59. hxg4+ Kg5 60. Rc6 Bd4 61. Rc7 f6 62. Rb7 Bc3 63. Rb8 e4+ 64. Kxe4 Kxg4 65. Ke3 f5 66. Rc8 f4+ 67. Kf2 g5 68. Rc4 Kh3 69. Kf3 Bd2 70. Rc2 g4+ 71. Kf2 g3+ 72. Kf3 g2 73. Rc7 g1=N+ 74. Kf2 Be3+ 75. Kf1 Kg3 76. Rc4 b3 77. Rb4 Nf3 78. Ke2 Nd4+ 79. Kf1 Kf3 80. Rb7 Ke4 81. Ke1 Kd3 82. Kd1 f3 83. Rb4 f2 84. Rxb3+ Ke4 85. Rxe3+ Kxe3 0-1

[Event "Gibbons Section ABCD"]
[Site "Winnipeg CAN"]
[Date "2007.10.12"]
[Round "1"]
[White "Campbell, Jamie"]
[Black "Lipic, Stephen"]
[Result "1/2-1/2"]
[WhiteElo "1561"]
[BlackElo "1615"]
[PlyCount "88"]
[GameId "2160767910578844"]
[EventDate "2007.10.12"]
[EventType "swiss"]
[EventRounds "5"]
[EventCountry "CAN"]
[SourceTitle "EXT 2022"]
[Source "ChessBase"]
[SourceDate "2021.10.06"]
[SourceVersion "1"]
[SourceVersionDate "2021.10.06"]
[SourceQuality "1"]

1. Nc3 e6 2. g3 d5 3. e4 c6 4. e5 f5 5. d4 Be7 6. h4 Nd7 7. Nh3 Nf8 8. Bg5 Qb6 9. Rb1 Bd7 10. Bxe7 Nxe7 11. b4 O-O-O 12. Na4 Qc7 13. Nc5 Kb8 14. a4 Bc8 15. b5 Qa5+ 16. Qd2 Qxd2+ 17. Kxd2 b6 18. Nb3 h6 19. Nf4 g6 20. Nd3 Nd7 21. bxc6 Nxc6 22. a5 b5 23. Nf4 a6 24. Nxg6 Rh7 25. Nf4 Re8 26. Be2 Nf8 27. c3 Ree7 28. Nd3 Rc7 29. Nb4 Nxb4 30. cxb4 Rc6 31. Nc5 Rhc7 32. Bh5 Nd7 33. Be8 Nxc5 34. dxc5 Bd7 35. Bg6 Rc8 36. Kd3 Be8 37. h5 R6c7 38. Kd4 Rg7 39. Bxe8 Rxe8 40. Rh4 Kc7 41. Rf4 Reg8 42. Rh4 Rg5 43. Kd3 Kc6 44. Kd4 R8g7 1/2-1/2

[Event "Gibbons Section ABCD"]
[Site "Winnipeg CAN"]
[Date "2007.10.12"]
[Round "1"]
[White "Cleto, Sam"]
[Black "Boron, Anthony"]
[Result "0-1"]
[WhiteElo "1859"]
[BlackElo "1981"]
[PlyCount "90"]
[GameId "2160767910578845"]
[EventDate "2007.10.12"]
[EventType "swiss"]
[EventRounds "5"]
[EventCountry "CAN"]
[SourceTitle "EXT 2022"]
[Source "ChessBase"]
[SourceDate "2021.10.06"]
[SourceVersion "1"]
[SourceVersionDate "2021.10.06"]
[SourceQuality "1"]

1. Nf3 c5 2. g3 Nc6 3. Bg2 g6 4. d4 cxd4 5. Nxd4 Bg7 6. c3 Nf6 7. Nd2 O-O 8. N2f3 Qb6 9. Rb1 d6 10. Be3 Qa6 11. a4 Nd5 12. Bd2 e5 13. Nb5 Bf5 14. Ra1 Rad8 15. Nh4 Nde7 16. O-O Rd7 17. Be3 Be6 18. Be4 d5 19. Bd3 Qa5 20. Qc1 a6 21. Na3 e4 22. Bc2 Rc8 23. Bh6 Bh3 24. Bxg7 Kxg7 25. Rd1 Ne5 26. Qg5 Qc7 27. c4 f6 28. Qe3 Nxc4 29. Nxc4 Qxc4 30. Bb3 Qc5 31. Qd2 Qb6 32. Ra3 Rcc7 33. a5 Qd6 34. Ba4 Rd8 35. Rb3 Rc4 36. Rb6 Qc7 37. Bb3 Rc6 38. Rxc6 Qxc6 39. Ng2 Bxg2 40. Kxg2 d4 41. Qb4 Nf5 42. g4 e3+ 43. f3 Nh4+ 44. Kf1 Qc7 45. Rxd4 Qc1+ 0-1

[Event "Gibbons Section ABCD"]
[Site "Winnipeg CAN"]
[Date "2007.10.12"]
[Round "1"]
[White "Gannon, Keith"]
[Black "Greenberg, Harley"]
[Result "1-0"]
[WhiteElo "1674"]
[BlackElo "1823"]
[PlyCount "75"]
[GameId "2160767910578846"]
[EventDate "2007.10.12"]
[EventType "swiss"]
[EventRounds "5"]
[EventCountry "CAN"]
[SourceTitle "EXT 2022"]
[Source "ChessBase"]
[SourceDate "2021.10.06"]
[SourceVersion "1"]
[SourceVersionDate "2021.10.06"]
[SourceQuality "1"]

1. e4 c5 2. Nf3 Nc6 3. c3 d5 4. e5 Bg4 5. Bb5 e6 6. O-O c4 7. b3 Bc5 8. Ba3 Bxa3 9. Bxc6+ bxc6 10. Nxa3 cxb3 11. axb3 a5 12. d4 Ne7 13. Re1 O-O 14. Qd3 Rb8 15. Nd2 Nc8 16. f3 Bh5 17. Ra2 f5 18. c4 f4 19. Qc3 Ne7 20. c5 Nf5 21. Nc2 Ra8 22. Ra4 Qg5 23. Qd3 Bg6 24. Qe2 h5 25. Qf2 h4 26. Nf1 h3 27. Re2 Rab8 28. Rxa5 Rxb3 29. Ra6 Nh4 30. Ne1 Bd3 31. Nxd3 Rxd3 32. Nd2 Nxf3+ 33. Nxf3 Rd1+ 34. Re1 Rxe1+ 35. Nxe1 Rb8 36. g3 Rb3 37. Ra8+ Kh7 38. Qc2+ 1-0

[Event "Gibbons Section ABCD"]
[Site "Winnipeg CAN"]
[Date "2007.10.12"]
[Round "1"]
[White "Green, Aaron"]
[Black "Goodman, Clifford"]
[Result "1-0"]
[WhiteElo "1543"]
[BlackElo "1564"]
[PlyCount "57"]
[GameId "2160767910578847"]
[EventDate "2007.10.12"]
[EventType "swiss"]
[EventRounds "5"]
[EventCountry "CAN"]
[SourceTitle "EXT 2022"]
[Source "ChessBase"]
[SourceDate "2021.10.06"]
[SourceVersion "1"]
[SourceVersionDate "2021.10.06"]
[SourceQuality "1"]

1. e4 c5 2. Nf3 Nc6 3. d4 cxd4 4. Nxd4 Qb6 5. Nxc6 bxc6 6. b3 Nf6 7. f3 e5 8. Bb2 Qe3+ 9. Qe2 Qxe2+ 10. Bxe2 d6 11. Nd2 Be6 12. Bc4 Bxc4 13. Nxc4 d5 14. exd5 cxd5 15. Nxe5 Rc8 16. Rc1 Bb4+ 17. c3 Ba5 18. O-O O-O 19. Ng4 Nxg4 20. fxg4 Rfe8 21. Rfe1 d4 22. Rxe8+ Rxe8 23. cxd4 h6 24. Kf1 Re4 25. h3 Bb6 26. Rd1 Rf4+ 27. Ke2 f6 28. Ke3 g5 29. g3 1-0

[Event "Gibbons Section ABCD"]
[Site "Winnipeg CAN"]
[Date "2007.10.12"]
[Round "1"]
[White "Khedkar, Jay S"]
[Black "Kaptsan, Aron"]
[Result "1/2-1/2"]
[WhiteElo "1970"]
[BlackElo "2026"]
[PlyCount "56"]
[GameId "2160767910578848"]
[EventDate "2007.10.12"]
[EventType "swiss"]
[EventRounds "5"]
[EventCountry "CAN"]
[SourceTitle "EXT 2022"]
[Source "ChessBase"]
[SourceDate "2021.10.06"]
[SourceVersion "1"]
[SourceVersionDate "2021.10.06"]
[SourceQuality "1"]

1. e4 c5 2. Nf3 d6 3. d4 cxd4 4. Nxd4 Nf6 5. Nc3 g6 6. Be2 Bg7 7. Be3 a6 8. a4 Nbd7 9. f4 Qa5 10. O-O O-O 11. Nb3 Qc7 12. Bf3 Nb6 13. Bd4 Nc4 14. Qe2 e5 15. fxe5 Nxe5 16. Nc1 Be6 17. Nd3 Rfe8 18. h3 Nfd7 19. Nxe5 Nxe5 20. Qd1 Rac8 21. Be2 Bc4 22. Rf2 Bxe2 23. Rxe2 Qe7 24. Nd5 Qg5 25. Rf2 Re6 26. c3 Nc6 27. Bxg7 Kxg7 28. Qb3 Nd8 1/2-1/2

[Event "Gibbons Section ABCD"]
[Site "Winnipeg CAN"]
[Date "2007.10.12"]
[Round "1"]
[White "Letain, Cory"]
[Black "Magnusson, Saul"]
[Result "1/2-1/2"]
[WhiteElo "1339"]
[BlackElo "1242"]
[PlyCount "102"]
[GameId "2160767910578849"]
[EventDate "2007.10.12"]
[EventType "swiss"]
[EventRounds "5"]
[EventCountry "CAN"]
[SourceTitle "EXT 2022"]
[Source "ChessBase"]
[SourceDate "2021.10.06"]
[SourceVersion "1"]
[SourceVersionDate "2021.10.06"]
[SourceQuality "1"]

1. d4 Nf6 2. c4 e6 3. Nf3 d5 4. Nc3 c6 5. a3 dxc4 6. e3 b5 7. Bd2 Nbd7 8. g3 Bd6 9. Bg2 Bb7 10. e4 e5 11. O-O a6 12. Re1 O-O 13. Qc2 Re8 14. Rad1 Qb6 15. Bg5 h6 16. Bxf6 Nxf6 17. dxe5 Bxe5 18. Nxe5 Rxe5 19. Rd6 Rd8 20. Red1 Rxd6 21. Rxd6 Qc7 22. Qd2 Kh7 23. Qd4 Qe7 24. f4 Re6 25. e5 Rxd6 26. exd6 Qe1+ 27. Bf1 Bc8 28. Qe5 Qd2 29. Ne4 Qe3+ 30. Nf2 Qa7 31. Bg2 Ng4 32. Qe2 Qxf2+ 33. Qxf2 Nxf2 34. Kxf2 Bd7 35. Ke3 c5 36. Bb7 a5 37. Ke4 Kg6 38. Kd5 b4 39. Kxc4 bxa3 40. bxa3 Kf6 41. Kxc5 g5 42. Bc6 Ke6 43. Bxd7+ Kxd7 44. Kb5 Kxd6 45. Kxa5 Kc5 46. a4 f5 47. Ka6 Kc6 48. a5 g4 49. Ka7 Kc7 50. a6 h5 51. Ka8 Kc8 1/2-1/2

[Event "Gibbons Section ABCD"]
[Site "Winnipeg CAN"]
[Date "2007.10.12"]
[Round "1"]
[White "Liu, Weixi"]
[Black "Melamedoff, Gustavo"]
[Result "1-0"]
[WhiteElo "1919"]
[BlackElo "2048"]
[PlyCount "43"]
[GameId "2160767910578850"]
[EventDate "2007.10.12"]
[EventType "swiss"]
[EventRounds "5"]
[EventCountry "CAN"]
[SourceTitle "EXT 2022"]
[Source "ChessBase"]
[SourceDate "2021.10.06"]
[SourceVersion "1"]
[SourceVersionDate "2021.10.06"]
[SourceQuality "1"]

1. d4 d5 2. c4 e6 3. Nc3 f5 4. Nf3 Nf6 5. Bg5 c6 6. e3 Be7 7. Bd3 O-O 8. Qc2 Ne4 9. Bxe7 Qxe7 10. O-O-O Na6 11. a3 b5 12. cxb5 Nxc3 13. Qxc3 cxb5 14. Bxb5 Rb8 15. Bd3 Bb7 16. Kd2 Rfc8 17. Qa5 Rc6 18. Rc1 Rb6 19. Rc2 Bc8 20. Rhc1 Qb7 21. Bxa6 Qxa6 22. Rxc8+ 1-0

[Event "Gibbons Section ABCD"]
[Site "Winnipeg CAN"]
[Date "2007.10.13"]
[Round "2"]
[White "Booth, Kevin"]
[Black "Hanrahan, Nigel"]
[Result "0-1"]
[WhiteElo "1833"]
[BlackElo "1663"]
[PlyCount "68"]
[GameId "2160767910578851"]
[EventDate "2007.10.12"]
[EventType "swiss"]
[EventRounds "5"]
[EventCountry "CAN"]
[SourceTitle "EXT 2022"]
[Source "ChessBase"]
[SourceDate "2021.10.06"]
[SourceVersion "1"]
[SourceVersionDate "2021.10.06"]
[SourceQuality "1"]

1. d4 Nf6 2. c4 c5 3. d5 b5 4. cxb5 a6 5. bxa6 Bxa6 6. Nc3 g6 7. e4 Bxf1 8. Kxf1 Bg7 9. e5 Ng8 10. f4 d6 11. Nf3 Nd7 12. e6 fxe6 13. dxe6 Ndf6 14. Ng5 Nh6 15. Nd5 O-O 16. h3 Nf5 17. g4 Nxd5 18. gxf5 Rxf5 19. Qf3 Nxf4 20. Bxf4 Be5 21. Kg2 Bxf4 22. Nf7 Qb8 23. Qc3 Qb7+ 24. Kg1 Be5 25. Nh6+ Kf8 26. Qc2 Bd4+ 27. Kh2 Rf2+ 28. Qxf2+ Bxf2 29. Rhf1 Qf3 30. Ng4 Qg3+ 31. Kh1 Qxh3+ 32. Nh2 Qh4 33. Kg2 Qg3+ 34. Kh1 Kg8 0-1

[Event "Gibbons Section ABCD"]
[Site "Winnipeg CAN"]
[Date "2007.10.13"]
[Round "2"]
[White "Boron, Anthony"]
[Black "Khedkar, Jay S"]
[Result "1-0"]
[WhiteElo "1981"]
[BlackElo "1970"]
[PlyCount "75"]
[GameId "2160767910578852"]
[EventDate "2007.10.12"]
[EventType "swiss"]
[EventRounds "5"]
[EventCountry "CAN"]
[SourceTitle "EXT 2022"]
[Source "ChessBase"]
[SourceDate "2021.10.06"]
[SourceVersion "1"]
[SourceVersionDate "2021.10.06"]
[SourceQuality "1"]

1. Nf3 Nf6 2. b3 c5 3. Bb2 e6 4. c4 Be7 5. g3 O-O 6. Bg2 Nc6 7. O-O Qc7 8. d4 cxd4 9. Nxd4 d6 10. Nxc6 bxc6 11. Nc3 Bb7 12. Rc1 e5 13. e4 Rad8 14. Re1 Bc8 15. Qe2 Be6 16. Nd5 cxd5 17. cxd5 Qd7 18. dxe6 Qxe6 19. Rc7 Rd7 20. Rc6 Bd8 21. Rd1 Bb6 22. Ba3 Rfd8 23. Bf3 Bd4 24. Rdc1 g6 25. R1c2 Kg7 26. Bc1 h6 27. Be3 Bxe3 28. Qxe3 Qe7 29. Ra6 Rb8 30. Rcc6 Rb4 31. Qc3 Rd4 32. Rc4 d5 33. exd5 Nxd5 34. Bxd5 R7xd5 35. Rc7 Rd7 36. Raxa7 Kf6 37. Rxd7 Rxd7 38. Qc6+ 1-0

[Event "Gibbons Section ABCD"]
[Site "Winnipeg CAN"]
[Date "2007.10.13"]
[Round "2"]
[White "Gannon, Keith"]
[Black "Kong, Dezheng"]
[Result "0-1"]
[WhiteElo "1674"]
[BlackElo "1848"]
[PlyCount "40"]
[GameId "2160767910578853"]
[EventDate "2007.10.12"]
[EventType "swiss"]
[EventRounds "5"]
[EventCountry "CAN"]
[SourceTitle "EXT 2022"]
[Source "ChessBase"]
[SourceDate "2021.10.06"]
[SourceVersion "1"]
[SourceVersionDate "2021.10.06"]
[SourceQuality "1"]

1. e4 c5 2. Nf3 d6 3. d4 cxd4 4. Nxd4 Nf6 5. Nc3 a6 6. Be2 e6 7. O-O Be7 8. a3 O-O 9. Be3 Nc6 10. Nxc6 bxc6 11. f4 Qc7 12. Bd3 d5 13. exd5 cxd5 14. Ne2 Bd6 15. Qd2 Rd8 16. h3 Bd7 17. c3 Bb5 18. Bxb5 axb5 19. Qc2 Qc4 20. Bd4 Bxf4 0-1

[Event "Gibbons Section ABCD"]
[Site "Winnipeg CAN"]
[Date "2007.10.13"]
[Round "2"]
[White "Gibbons, Lorne"]
[Black "Green, Leah"]
[Result "1-0"]
[WhiteElo "1332"]
[BlackElo "1198"]
[PlyCount "89"]
[GameId "2160767910578854"]
[EventDate "2007.10.12"]
[EventType "swiss"]
[EventRounds "5"]
[EventCountry "CAN"]
[SourceTitle "EXT 2022"]
[Source "ChessBase"]
[SourceDate "2021.10.06"]
[SourceVersion "1"]
[SourceVersionDate "2021.10.06"]
[SourceQuality "1"]

1. d4 g6 2. e4 e6 3. c4 d5 4. cxd5 exd5 5. exd5 Qxd5 6. Nc3 Qd8 7. Bc4 Nf6 8. Bg5 Be6 9. Bxe6 fxe6 10. Qe2 Qe7 11. O-O-O c6 12. Nf3 Nbd7 13. Rhe1 O-O-O 14. Qxe6 Qxe6 15. Rxe6 Bg7 16. Re7 Bf8 17. Rf7 Re8 18. Bxf6 Nxf6 19. Rxf6 Bh6+ 20. Kc2 Bg7 21. Rf7 Rhg8 22. Ng5 h6 23. Nge4 Rd8 24. Ne2 Bh8 25. f3 Rge8 26. Rd3 g5 27. Rb3 b5 28. Rxa7 Kb8 29. Rh7 Bxd4 30. a4 g4 31. axb5 gxf3 32. bxc6+ Kc8 33. gxf3 Rf8 34. c7 Rd7 35. Rb8+ Kxc7 36. Rxf8 Rxh7 37. Nxd4 Rd7 38. Ne6+ Kb7 39. h4 Kc6 40. N6c5 Rd5 41. Rf6+ Kc7 42. Rxh6 Rf5 43. Ne6+ Kd7 44. N6c5+ Kd8 45. Rf6 1-0

[Event "Gibbons Section ABCD"]
[Site "Winnipeg CAN"]
[Date "2007.10.13"]
[Round "2"]
[White "Lipic, Stephen"]
[Black "Goodman, Clifford"]
[Result "1-0"]
[WhiteElo "1615"]
[BlackElo "1564"]
[PlyCount "49"]
[GameId "2160767910578855"]
[EventDate "2007.10.12"]
[EventType "swiss"]
[EventRounds "5"]
[EventCountry "CAN"]
[SourceTitle "EXT 2022"]
[Source "ChessBase"]
[SourceDate "2021.10.06"]
[SourceVersion "1"]
[SourceVersionDate "2021.10.06"]
[SourceQuality "1"]

1. f4 Nf6 2. e3 b6 3. Nf3 Bb7 4. Be2 g6 5. O-O Bg7 6. d3 d5 7. Qe1 e6 8. Nc3 O-O 9. a4 a6 10. Rb1 c5 11. Nd1 Nbd7 12. Ne5 Nxe5 13. fxe5 Nd7 14. d4 c4 15. Bg4 Bc6 16. b3 cxb3 17. cxb3 b5 18. a5 Rc8 19. Ba3 Re8 20. Qf2 f5 21. exf6 Nxf6 22. Bh3 Qxa5 23. Bc5 Ne4 24. Bxe6+ Rxe6 25. Qf7+ 1-0

[Event "Gibbons Section ABCD"]
[Site "Winnipeg CAN"]
[Date "2007.10.13"]
[Round "2"]
[White "Liu, Weixi"]
[Black "Cleto, Sam"]
[Result "0-1"]
[WhiteElo "1919"]
[BlackElo "1859"]
[PlyCount "66"]
[GameId "2160767910578856"]
[EventDate "2007.10.12"]
[EventType "swiss"]
[EventRounds "5"]
[EventCountry "CAN"]
[SourceTitle "EXT 2022"]
[Source "ChessBase"]
[SourceDate "2021.10.06"]
[SourceVersion "1"]
[SourceVersionDate "2021.10.06"]
[SourceQuality "1"]

1. d4 Nf6 2. c4 e6 3. Nf3 d5 4. Bg5 Be7 5. Nc3 O-O 6. e3 h6 7. Bh4 c6 8. Qc2 Nbd7 9. cxd5 exd5 10. Bd3 Re8 11. O-O Ne4 12. Bxe7 Qxe7 13. Rab1 Ng5 14. Nxg5 Qxg5 15. Ne2 Nf6 16. Kh1 Qh4 17. Bf5 g6 18. Bxc8 Raxc8 19. Ng1 Ne4 20. Nf3 Qh5 21. Nd2 Qe2 22. Rbd1 Nxf2+ 23. Rxf2 Qxf2 24. Rf1 Qe2 25. Qc1 Qxe3 26. h3 Re7 27. Qe1 Qe2 28. Qc1 Qe3 29. Qc5 b6 30. Qc1 c5 31. Rd1 Rce8 32. Kh2 Qf4+ 33. Kg1 Re2 0-1

[Event "Gibbons Section ABCD"]
[Site "Winnipeg CAN"]
[Date "2007.10.13"]
[Round "2"]
[White "Melamedoff, Gustavo"]
[Black "Kaptsan, Aron"]
[Result "1/2-1/2"]
[WhiteElo "2048"]
[BlackElo "2026"]
[PlyCount "36"]
[GameId "2160767910578857"]
[EventDate "2007.10.12"]
[EventType "swiss"]
[EventRounds "5"]
[EventCountry "CAN"]
[SourceTitle "EXT 2022"]
[Source "ChessBase"]
[SourceDate "2021.10.06"]
[SourceVersion "1"]
[SourceVersionDate "2021.10.06"]
[SourceQuality "1"]

1. e4 c5 2. Nf3 d6 3. Bb5+ Bd7 4. Bxd7+ Nxd7 5. O-O g6 6. c3 Bg7 7. d4 e5 8. dxe5 dxe5 9. Na3 Ngf6 10. Bg5 O-O 11. Qe2 Qc7 12. Nc4 Rfe8 13. Rad1 Re6 14. Bh4 h6 15. Ne3 Rae8 16. Nd5 Nxd5 17. exd5 Rd6 18. c4 f6 1/2-1/2

[Event "Gibbons Section ABCD"]
[Site "Winnipeg CAN"]
[Date "2007.10.13"]
[Round "2"]
[White "Pang, Michael"]
[Black "Green, Aaron"]
[Result "0-1"]
[WhiteElo "1378"]
[BlackElo "1543"]
[PlyCount "122"]
[GameId "2160767910578858"]
[EventDate "2007.10.12"]
[EventType "swiss"]
[EventRounds "5"]
[EventCountry "CAN"]
[SourceTitle "EXT 2022"]
[Source "ChessBase"]
[SourceDate "2021.10.06"]
[SourceVersion "1"]
[SourceVersionDate "2021.10.06"]
[SourceQuality "1"]

1. e4 c5 2. Nf3 d6 3. Nc3 Nf6 4. d4 cxd4 5. Nxd4 g6 6. Be3 Bg7 7. Qd2 Ng4 8. O-O-O Nxe3 9. Qxe3 Nc6 10. Bb5 Bd7 11. Nxc6 Bxc6 12. Rhe1 O-O 13. Bxc6 bxc6 14. f4 Qb6 15. g3 Rab8 16. Qxb6 Rxb6 17. e5 dxe5 18. fxe5 Bh6+ 19. Kb1 Rfb8 20. Na4 Rb4 21. Nc5 Rxb2+ 22. Ka1 Rxc2 23. Nb3 Rxh2 24. Rd7 a5 25. Re4 Bg7 26. Rxe7 f6 27. e6 f5+ 28. Rxg7+ Kxg7 29. Re1 Re8 30. Nc5 Rc2 31. Re5 Rb8 32. Nb3 a4 33. e7 axb3 34. axb3 Re8 35. Kb1 Rc3 36. b4 Kf7 37. Kb2 Rxg3 38. Rc5 Rxe7 39. Rxc6 Rb7 40. Rc4 Rg4 41. Kc3 Rxc4+ 42. Kxc4 Rxb4+ 43. Kxb4 Ke6 44. Kc3 Ke5 45. Kd2 Kf4 46. Ke1 Kf3 47. Kf1 h5 48. Kg1 h4 49. Kh2 g5 50. Kh3 g4+ 51. Kh2 g3+ 52. Kg1 h3 53. Kh1 g2+ 54. Kg1 f4 55. Kh2 Kf2 56. Kxh3 g1=Q 57. Kh4 Kf3 58. Kh5 Ke4 59. Kh6 Kf5 60. Kh7 Kf6 61. Kh8 Qg7# 0-1